ARCO : Build the perfect cover letter one 7-minute lesson at a time : 7 minute resumes

Sparad:
Bibliografiska uppgifter
Huvudupphovsman: Morgan, Dana
Materialtyp: Bok
Språk:Undetermined
Publicerad: Foster City, CA IDG Books Worldwide, Inc. 2000
Ämnen:
Taggar: Lägg till en tagg
Inga taggar, Lägg till första taggen!
Thư viện lưu trữ: Trung tâm Học liệu Trường Đại học Cần Thơ
LEADER 00601nam a2200205Ia 4500
001 CTU_127882
008 210402s9999 xx 000 0 und d
020 |c 139000 
082 |a 808.06665 
082 |b M847 
100 |a Morgan, Dana 
245 0 |a ARCO : Build the perfect cover letter one 7-minute lesson at a time : 
245 0 |b 7 minute resumes 
245 0 |c Dana Morgan 
260 |a Foster City, CA 
260 |b IDG Books Worldwide, Inc. 
260 |c 2000 
650 |a Cover letter,Thư từ giao dịch 
904 |i Minh 
980 |a Trung tâm Học liệu Trường Đại học Cần Thơ